00437nam a22001457a 450000500170000001000160001702000230003303700260005608200060008210000220008824500420011026000310015227000880018330000200027120220713155947.0 aMona Sharma a9789389843828c400 bPharos books (p) Ltd. aN aBronte, Charlotte aJane Eyre/cCharlotte BrontehENGLISH a DelhibPharas Booksc2020 aPlot no.-55, main mother dairy roadbPandav Nagar, East Delhie110092k011-40395855 a446c21 cm (pb)